000 00432nam a2200193Ia 4500
005 20240823024412.0
008 240823s9999||||xx |||||||||||||| ||und||
020 _a0-07-047376-5
041 _aENGLISH
082 _A511.6 P6
100 _aLovasz L
245 0 _aDiscreate Mathemtics
250 _a1st
260 _c2006
_b"Springer,New "
500 _aYES
650 _aMATHS
_bMathematics
942 _cBK
999 _c183835
_d183835